00000000nam##2200000za#4500
0019.695573
003CaOODSP
00520210624234634
007cr |||||||||||
008150407|1998||||xxc|||||o    f|0| 0 eng|d
040 |aCaOODSP|beng
043 |an-cn---
0861 |aF1-23/1998-5E-PDF
1101 |aCanada. |bDepartment of Finance.
24514|aThe Canadian opportunities strategy |h[electronic resource]
2461 |iAt head of title : |aBudget 1998 - building Canada for the 21st century
260 |aOttawa - Ontario : |bFinance Canada |cFebruary 1998.
300 |a48p.|bgraphs, tables
500 |aThe catalogue number (F1-23/1998-5E) and ISBN (0-662-26570-X) for the print edition have been incorrectly copied in this electronic publication.
590 |a12-13-Supp|b2012-04-03
69007|aBudgets|2gcpds
69007|aEducational funding|2gcpds
69007|aScholarships|2gcpds
69007|aStudent loans|2gcpds
77508|tStratégie canadienne pour l'égalité des chances |w(CaOODSP)9.639706
85640|ahttp://publications.gc.ca|qPDF|s166 KB|uhttps://publications.gc.ca/collections/collection_2012/fin/F1-23-1998-5-eng.pdf